<?xml version="1.0" encoding="UTF-8"?>
<collection xmlns="http://www.loc.gov/MARC21/slim">
 <record>
  <leader>00776cam a2200241 7i4500</leader>
  <controlfield tag="001">0000039728</controlfield>
  <controlfield tag="005">20220920090000.0</controlfield>
  <datafield tag="020" ind1=" " ind2=" ">
   <subfield code="a">9780618256587 (pbk) </subfield>
  </datafield>
  <datafield tag="082" ind1=" " ind2=" ">
   <subfield code="a">808.042 FAW 2004</subfield>
  </datafield>
  <datafield tag="090" ind1="0" ind2="0">
   <subfield code="a">PE1408 </subfield>
   <subfield code="b">FAW 2004</subfield>
  </datafield>
  <datafield tag="100" ind1="1" ind2=" ">
   <subfield code="a">Fawcett, Susan </subfield>
   <subfield code="e">author </subfield>
  </datafield>
  <datafield tag="245" ind1="1" ind2="0">
   <subfield code="a">Evergreen : </subfield>
   <subfield code="b">a guide to writing with readings  </subfield>
   <subfield code="c">Susan Fawcett.</subfield>
  </datafield>
  <datafield tag="250" ind1=" " ind2=" ">
   <subfield code="a">Seventh edition.</subfield>
  </datafield>
  <datafield tag="264" ind1=" " ind2="1">
   <subfield code="a">Boston, MA: </subfield>
   <subfield code="b">Houghton Mifflin, </subfield>
   <subfield code="c">2004.</subfield>
  </datafield>
  <datafield tag="300" ind1=" " ind2=" ">
   <subfield code="a">xvii, 557 pages: </subfield>
   <subfield code="b">illustrations; </subfield>
   <subfield code="c">28 cm.</subfield>
  </datafield>
  <datafield tag="336" ind1=" " ind2=" ">
   <subfield code="a">text</subfield>
   <subfield code="2">rdacontent</subfield>
  </datafield>
  <datafield tag="337" ind1=" " ind2=" ">
   <subfield code="a">unmediated</subfield>
   <subfield code="2">rdamedia</subfield>
  </datafield>
  <datafield tag="338" ind1=" " ind2=" ">
   <subfield code="a">volume</subfield>
   <subfield code="2">rdacarrier</subfield>
  </datafield>
  <datafield tag="501" ind1="0" ind2="0">
   <subfield code="a">EIP</subfield>
  </datafield>
  <datafield tag="650" ind1="1" ind2="0">
   <subfield code="a">English language -- </subfield>
   <subfield code="x">Writing </subfield>
  </datafield>
  <datafield tag="650" ind1="1" ind2="0">
   <subfield code="a">English language Grammar </subfield>
  </datafield>
  <datafield tag="650" ind1="1" ind2="0">
   <subfield code="a">English language Rhetoric </subfield>
  </datafield>
  <datafield tag="650" ind1="1" ind2="0">
   <subfield code="a">English language Grammar Problems, exercises, etc </subfield>
  </datafield>
 </record>
</collection>
